00839nam a2200205 i 450000100060000000300090000600500170001500700030003200800410003502000180007608000130009424501560010726000790026330000220034265000490036471000590041385200220047299900170049495201220051113656ES-MaACL20250822031115.0t|980318s1997 fr |||| | spa j a2-912246-01-6 a37.015.303aLa persona y su crecimiento b: fundamentos antropológicos y psicológicos de la formación PRH / cobra colectiva realizada por PRH-Internacional. aPoitiers : bPersonalidad y Relaciones Humanas-Internacional, cD.L. 1997. a301 p. ; c24 cm.17aPsicología de la educación2embne9165582 aPersonalidad y Relaciones Humanas-Internacional.96210 aES-MaACLjL-21039 c13656d13656 00104070aATENEOMbATENEOMcDEPO2d2008-01-17eSCl0oL-21039p1013900r2023-02-23 00:00:00w2023-02-23yMONOGRAFIA